| 000 -CABECERA |
| Longitud fija campo de control |
01052nam a22002177a 4500 |
| 003 - IDENTIFICADOR DEL NÚMERO DE CONTROL |
| Identificador del número de control |
OSt |
| 005 - FECHA Y HORA DE LA ÚLTIMA TRANSACCIÓN |
| Fecha y hora de la última transacción |
20190305130456.0 |
| 008 - CÓDIGOS DE INFORMACIÓN DE LONGITUD FIJA |
| Códigos de información de longitud fija |
170516s2017 spc|||| o||||o0|0 0 cat|d |
| 017 ## - NÚMERO DE COPYRIGHT O DE DEPÓSITO LEGAL |
| Número de copyright o de depósito legal |
DL B 6636-2017 |
| 040 ## - FUENTE DE LA CATALOGACIÓN |
| Centro catalogador de origen |
ES-BaBC |
| Lengua de catalogación |
cat |
| Centro transcriptor |
CDMR |
| 245 00 - MENCIÓN DE TÍTULO |
| Título |
Manual dels governs a Twitter |
| Resto del título |
: pautes per a institucions públiques a partir de l'experiència del Govern de Catalunya |
| Medio |
[recurs electrònic] |
| 260 ## - PUBLICACIÓN, DISTRIBUCIÓN, ETC. (PIE DE IMPRENTA) |
| Lugar de publicación, distribución, etc. |
[Barcelona] : |
| Nombre del editor, distribuidor, etc. |
Generalitat de Catalunya. Departament de Presidència, |
| Fecha de publicación, distribución, etc. |
2017 |
| 300 ## - DESCRIPCIÓN FÍSICA |
| Extensión |
1 recurs electrònic (120 pàgines) : |
| Otras características físicas |
il·lustracions ; |
| Dimensiones |
24 cm |
| 504 ## - NOTA DE BIBLIOGRAFÍA, ETC |
| Nota de bibliografía, etc. |
Bibliografia |
| 630 07 - PUNTO DE ACCESO ADICIONAL DE MATERIA - TÍTULO UNIFORME |
| Título uniforme |
Twitter |
| Fuente del encabezamiento o término |
lemac |
| 650 07 - PUNTO DE ACCESO ADICIONAL DE MATERIA - TÉRMINO DE MATERIA |
| Término de materia o nombre geográfico como elemento inicial |
Xarxes socials en línia |
| Subdivisión geográfica |
Catalunya |
| Fuente del encabezamiento o término |
lemac |
| 9 (RLIN) |
3128 |
| 650 #7 - PUNTO DE ACCESO ADICIONAL DE MATERIA - TÉRMINO DE MATERIA |
| Término de materia o nombre geográfico como elemento inicial |
Administració pública |
| Subdivisión geográfica |
Catalunya |
| Subdivisión de materia general |
Participació ciutadana |
| -- |
Innovacions tecnològiques |
| Fuente del encabezamiento o término |
lemac |
| 710 1# - PUNTO DE ACCESO ADICIONAL - NOMBRE DE ENTIDAD |
| Nombre de entidad o nombre de jurisdicción como elemento inicial |
Catalunya |
| Unidad subordinada |
-- Generalitat |
| 9 (RLIN) |
1064 |
| 856 40 - LOCALIZACIÓN Y ACCESO ELECTRÓNICO |
| Texto del enlace |
Disponible en línia (pdf) |
| Nota pública |
(accés lliure) |
| Identificador Uniforme del Recurso (URI) |
<a href="http://atenciociutadana.gencat.cat/ca/serveis/xarxes-i-missatgeria-instantania/xarxes-socials/guies-i-normativa/manual-dels-governs-a-twitter/">http://atenciociutadana.gencat.cat/ca/serveis/xarxes-i-missatgeria-instantania/xarxes-socials/guies-i-normativa/manual-dels-governs-a-twitter/</a> |
| 942 ## - ENTRADA DE ELEMENTOS AGREGADOS (KOHA) |
| Koha [por defecto] tipo de item |
Recursos en línia |
| Fuente de clasificaión o esquema |
|